Terapéutica de los trastornos psicológicos de la infancia / (Record no. 168545)

MARC details
000 -LEADER
campo de control de longitud fija 00563nam a22001815i 4500
001 - NÚMERO DE CONTROL
campo de control 168545
003 - IDENTIFICADOR DE NÚMERO DE CONTROL
campo de control ES-MaACL
005 - FECHA Y HORA DE LA ÚLTIMA TRANSACCIÓN
campo de control 20250811100320.0
008 - DATOS DE LONGITUD FIJA--INFORMACIÓN GENERAL
campo de control de longitud fija 080417s1974 sp |||| | spa d
080 ## - NÚMERO DE LA CLASIFICACIÓN DECIMAL UNIVERSAL
Número de la Clasificación Decimal Universal 616.89-053.2
100 1# - ENTRADA PRINCIPAL--NOMBRE DE PERSONA
Nombre de persona Maclay, David Thomson.
9 (RLIN) 137636
245 10 - MENCIÓN DEL TÍTULO
Título Terapéutica de los trastornos psicológicos de la infancia /
Mención de responsabilidad, etc. David T. Maclay.
260 ## - PUBLICACIÓN, DISTRIBUCIÓN, ETC.
Lugar de publicación, distribución, etc. Barcelona :
Nombre del editor, distribuidor, etc. Salvat,
Fecha de publicación, distribución, etc. [1974]
300 ## - DESCRIPCIÓN FÍSICA
Extensión IX, 278 p. ;
Dimensiones 23 cm.
650 17 - PUNTO DE ACCESO ADICIONAL DE MATERIA--TÉRMINO DE MATERIA
Término de materia o nombre geográfico como elemento de entrada Psiquiatría infantil
Fuente del encabezamiento o término embne
9 (RLIN) 16595
852 ## - LOCALIZACIÓN
Ubicación ES-MaACL
Número de control de estantería E-6049
itemnumber R.90677
Holdings
Estatus retirado Estado de pérdida Estado de daño No para préstamo Biblioteca de origen Biblioteca actual Ubicación en estantería Fecha de adquisición Fuente de adquisición Total de préstamos Signatura topográfica completa Código de barras Visto por última vez Precio de reemplazo Tipo de ítem Koha
        Biblioteca del Ateneo de Madrid Biblioteca del Ateneo de Madrid Depósito 2 17/04/2008     E-6049 1176870 23/02/2023 23/02/2023 Libro impreso